[Event "European Rapid 2014"]
[Site "Wroclaw POL"]
[Date "2014.12.20"]
[Round "1.32"]
[White "Mista, Aleksander"]
[Black "Olsen, Filip Boe"]
[Result "1-0"]
[WhiteTitle "GM"]
[WhiteElo "2614"]
[BlackElo "1880"]
[WhiteFideId "1110381"]
[BlackFideId "1440640"]
[EventDate "2014.12.20"]

1. e4 c6 2. d4 d5 3. Nd2 dxe4 4. Nxe4 Bf5 5. Ng3 Bg6 6. h4 h6 7. Nf3 Nd7 8. h5
Bh7 9. Bd3 Bxd3 10. Qxd3 e6 11. Bd2 Ngf6 12. O-O-O Qc7 13. Ne4 Nxe4 14. Qxe4 Nf6
15. Qe2 O-O-O 16. g3 Bd6 17. c4 c5 18. Bc3 cxd4 19. Nxd4 a6 20. Kb1 Rd7 21. Nb3
Be7 22. Rxd7 Qxd7 23. Rd1 Qc6 24. Re1 Rd8 25. f4 Bf8 26. g4 Qd6 27. g5 Ng8 28.
g6 fxg6 29. hxg6 e5 30. Qg4+ Qd7 31. Qxd7+ Rxd7 32. Rxe5 Nf6 33. Rf5 Be7 34. Kc2
Rd8 35. Nd4 Rd6 36. Re5 Bd8 37. Nf5 Rd7 38. Re6 h5 39. b4 Rc7 40. Bxf6 Bxf6 41.
Rxf6 Rxc4+ 42. Kd3 Rxf4 43. Nd6+ 1-0

[Event "European Rapid 2014"]
[Site "Wroclaw POL"]
[Date "2014.12.20"]
[Round "1.34"]
[White "Moranda, Wojciech"]
[Black "Marczuk, Anna"]
[Result "1-0"]
[WhiteTitle "GM"]
[WhiteElo "2591"]
[BlackElo "1887"]
[WhiteFideId "1122401"]
[BlackFideId "1135589"]
[EventDate "2014.12.20"]

1. d4 d6 2. e4 Nf6 3. Nc3 c6 4. f4 Qa5 5. Bd3 e5 6. Nf3 Nbd7 7. O-O Be7 8. Kh1
O-O 9. Qe1 Re8 10. Be3 exd4 11. Bxd4 Bf8 12. Qh4 Qh5 13. Qg3 Qg4 14. Qxg4 Nxg4
15. a4 Ngf6 16. e5 Ng4 17. Rae1 dxe5 18. fxe5 Bc5 19. Bc4 Nh6 20. e6 fxe6 21.
Bxe6+ Rxe6 22. Rxe6 Bxd4 23. Nxd4 Nf6 24. Re7 Kf8 25. Rc7 Nf7 26. Ne4 1-0

[Event "European Rapid 2014"]
[Site "Wroclaw POL"]
[Date "2014.12.20"]
[Round "1.35"]
[White "Hornik, Bronislaw"]
[Black "Deviatkin, Andrei"]
[Result "0-1"]
[BlackTitle "GM"]
[WhiteElo "1876"]
[BlackElo "2528"]
[WhiteFideId "1123955"]
[BlackFideId "4121260"]
[EventDate "2014.12.20"]

1. e4 c6 2. Qf3 d5 3. e5 c5 4. Nc3 e6 5. Bb5+ Bd7 6. Qe2 Bxb5 7. Qxb5+ Qd7 8.
Nf3 Nc6 9. O-O Nh6 10. d3 Nf5 11. Ne2 Nxe5 12. Qxd7+ Nxd7 13. Re1 Bd6 14. Nc3
O-O 15. g4 Ne7 16. Bg5 Nc6 17. Nb5 Bb8 18. c3 Nde5 19. Nxe5 Nxe5 20. Be7 Re8 21.
Rxe5 Bxe5 22. Bxc5 a6 23. d4 Bxh2+ 24. Kxh2 axb5 25. a3 f6 26. f4 e5 27. dxe5
fxe5 28. Rd1 exf4 29. Rxd5 Rad8 30. Rf5 h6 31. Rxf4 Re2+ 32. Kg3 Rd3+ 33. Rf3
Rxf3+ 34. Kxf3 Rxb2 35. Ke4 Kf7 36. Kf5 g6+ 37. Ke5 Rg2 38. Kd6 Rxg4 39. Bd4 h5
40. Kc7 h4 41. Kxb7 Rxd4 42. cxd4 h3 43. d5 h2 44. d6 h1=Q+ 45. Kb6 Ke6 46. Kc7
Qh2 47. Kb6 Qxd6+ 48. Kxb5 Qxa3 0-1

[Event "European Rapid 2014"]
[Site "Wroclaw POL"]
[Date "2014.12.20"]
[Round "1.36"]
[White "Kempinski, Robert"]
[Black "Wadelek, Karol"]
[Result "1-0"]
[WhiteTitle "GM"]
[WhiteElo "2626"]
[BlackElo "1892"]
[WhiteFideId "1105663"]
[BlackFideId "1176307"]
[EventDate "2014.12.20"]

1. d4 c5 2. d5 g6 3. e4 Bg7 4. Nf3 d6 5. h3 a6 6. a4 e6 7. Nc3 Ne7 8. dxe6 Bxe6
9. Be3 O-O 10. Qd2 Qd7 11. Bh6 Nbc6 12. Bxg7 Kxg7 13. Rd1 Rad8 14. Be2 f5 15.
O-O f4 16. Nd5 Bxd5 17. exd5 Ne5 18. Nxe5 dxe5 19. d6 Nf5 20. Qd5 Kf6 21. Bg4
Qxd6 22. Qxb7 Qe6 23. Bxf5 Kxf5 24. Qxh7 Rd4 25. c3 Rd6 26. Qh4 1-0

[Event "European Rapid 2014"]
[Site "Wroclaw POL"]
[Date "2014.12.20"]
[Round "1.38"]
[White "Neiksans, Arturs"]
[Black "Sadzikowski, Marian"]
[Result "1-0"]
[WhiteTitle "GM"]
[WhiteElo "2559"]
[BlackElo "1781"]
[WhiteFideId "11601388"]
[BlackFideId "1121154"]
[EventDate "2014.12.20"]

1. e4 e6 2. d4 d5 3. Nd2 Nf6 4. Bd3 b6 5. Ngf3 Ba6 6. Bxa6 Nxa6 7. exd5 Nxd5 8.
c4 Nf4 9. Qa4+ Qd7 10. Qxa6 Nxg2+ 11. Kf1 Nf4 12. Ne5 Qd6 13. Ne4 Qb4 14. Bxf4
Be7 15. Qb5+ Qxb5 16. cxb5 f6 17. Nc6 Kd7 18. Rc1 Bd6 19. Bxd6 cxd6 20. Nb4 d5
21. Nd2 Rac8 22. Ke2 Kd6 23. Nb3 Rc4 24. Rxc4 dxc4 25. Nd2 c3 26. bxc3 e5 27.
Nc4+ Ke6 28. d5+ Kd7 29. Nc6 g5 30. a4 1-0

[Event "European Rapid 2014"]
[Site "Wroclaw POL"]
[Date "2014.12.20"]
[Round "1.39"]
[White "Stelmaszuk, Maciej"]
[Black "Chigaev, Maksim"]
[Result "0-1"]
[BlackTitle "IM"]
[WhiteElo "1709"]
[BlackElo "2494"]
[WhiteFideId "1199722"]
[BlackFideId "4108116"]
[EventDate "2014.12.20"]

1. d4 Nf6 2. c4 g6 3. Nc3 Bg7 4. Nf3 O-O 5. Bg5 c5 6. e3 d6 7. Be2 Nc6 8. O-O
Bf5 9. d5 Na5 10. h3 a6 11. Bd3 Bxd3 12. Qxd3 Re8 13. e4 Nd7 14. Rfe1 Qc7 15.
Rac1 Rab8 16. b3 b6 17. Bf4 Nb7 18. Qe3 f6 19. Bh2 Nd8 20. Re2 b5 21. cxb5 axb5
22. Rec2 b4 23. Ne2 e5 24. dxe6 Nxe6 25. Nd2 Qc6 26. f3 Rbd8 27. Nc4 Ne5 28.
Nxe5 fxe5 29. Bg3 Qd7 30. Rd1 Qf7 31. Rcd2 Nd4 32. Bf2 h5 33. Qd3 Kh7 34. Be3
Rd7 35. Nc1 Red8 36. Qf1 d5 37. exd5 Rxd5 38. Qc4 Qf5 39. Nd3 Bh6 40. Bxh6 Kxh6
41. Nxc5 Nxf3+ 42. gxf3 Rxd2 43. Rxd2 Rxd2 44. Ne4 Rd1+ 45. Kf2 Qxh3 0-1

[Event "European Rapid 2014"]
[Site "Wroclaw POL"]
[Date "2014.12.20"]
[Round "1.40"]
[White "Plat, Vojtech"]
[Black "Marttinen, Jussi2"]
[Result "1-0"]
[WhiteTitle "IM"]
[WhiteElo "2432"]
[BlackElo "2006"]
[WhiteFideId "325740"]
[BlackFideId "509108"]
[EventDate "2014.12.20"]

1. e4 d5 2. exd5 Qxd5 3. Nf3 Bg4 4. Be2 Nf6 5. d4 e6 6. O-O Nbd7 7. c4 Qh5 8. h3
Bxf3 9. Bxf3 Qa5 10. Bxb7 Rb8 11. Bf3 Be7 12. Bd2 Qa6 13. b3 c5 14. dxc5 Nxc5
15. Nc3 O-O 16. Qc2 Rfd8 17. Be3 h6 18. Rad1 e5 19. Nd5 Nxd5 20. Bxd5 Qa5 21.
Qf5 Bf6 22. Bxh6 Ne6 23. Be3 Qxa2 24. Ra1 Qxb3 25. Rxa7 Rxd5 26. cxd5 Qxd5 27.
Rc1 Qd6 28. Qe4 Qd8 29. Rca1 g6 30. R1a6 Qc8 31. Qf3 Kg7 32. Rxf7+ Kxf7 33. Ra7+
Nc7 34. Bg5 Rb6 35. Bxf6 Rxf6 36. Qc3 Kg8 37. Rxc7 Qe6 38. Qc5 e4 39. Re7 Qf5
40. Qe3 Qd5 41. Rxe4 Qd1+ 42. Qe1 Qxe1+ 43. Rxe1 Kg7 44. g3 Rf7 45. Kg2 Ra7 46.
Re2 Kf6 47. h4 Kf5 48. Rb2 Ra5 49. Rb8 Ra6 50. Rb5+ Kf6 51. g4 Kg7 52. Kg3 Kh6
53. Rb7 g5 54. hxg5+ Kxg5 55. Rb5+ Kg6 1-0

[Event "European Rapid 2014"]
[Site "Wroclaw POL"]
[Date "2014.12.20"]
[Round "1.42"]
[White "Dragun, Kamil"]
[Black "Jacek, Roksana"]
[Result "1-0"]
[WhiteTitle "GM"]
[WhiteElo "2547"]
[BlackElo "1907"]
[WhiteFideId "1134167"]
[BlackFideId "1110861"]
[EventDate "2014.12.20"]

1. d4 Nf6 2. c4 c5 3. Nf3 cxd4 4. Nxd4 e5 5. Nb5 d5 6. cxd5 Bc5 7. e3 O-O 8.
N5c3 e4 9. Be2 Bf5 10. Nd2 Nbd7 11. g4 Bg6 12. g5 Ne8 13. Ndxe4 Bb4 14. Ng3 Qxg5
15. h4 Qf6 16. h5 Bf5 17. e4 Bxc3+ 18. bxc3 Qxc3+ 19. Bd2 Qe5 20. exf5 Nc5 21.
Be3 Qc3+ 22. Kf1 Nf6 23. Rc1 1-0

[Event "European Rapid 2014"]
[Site "Wroclaw POL"]
[Date "2014.12.20"]
[Round "1.43"]
[White "Mackiewicz, Anna"]
[Black "Krasenkow, Michal"]
[Result "0-1"]
[BlackTitle "GM"]
[WhiteElo "1981"]
[BlackElo "2614"]
[WhiteFideId "1122347"]
[BlackFideId "1113100"]
[EventDate "2014.12.20"]

1. d4 f5 2. c4 Nf6 3. Bg5 e6 4. e3 Be7 5. Bxf6 Bxf6 6. Qh5+ g6 7. Qh6 Qe7 8. Nc3
Bg7 9. Qf4 e5 10. dxe5 Bxe5 11. Qf3 Qb4 12. Ne2 Qxb2 13. Rc1 Bxc3+ 14. Rxc3 Qxa2
15. g4 d6 16. gxf5 Qb1+ 17. Rc1 Qxf5 18. Nf4 Qa5+ 19. Kd1 O-O 20. Rg1 Nc6 21.
Qd5+ Kh8 22. c5 Qa4+ 23. Ke1 Qb4+ 24. Kd1 Rf5 25. Qg2 Rxf4 26. exf4 Qd4+ 27. Ke1
Bf5 28. cxd6 Re8+ 29. Be2 Bd3 30. Qf3 Bxe2 31. d7 Qxd7 32. Qc3+ Kg8 33. Rg3 0-1

[Event "European Rapid 2014"]
[Site "Wroclaw POL"]
[Date "2014.12.20"]
[Round "1.44"]
[White "Bortnyk, Olexandr"]
[Black "Jozwik, Jacek"]
[Result "1-0"]
[WhiteTitle "IM"]
[WhiteElo "2533"]
[BlackElo "2012"]
[WhiteFideId "14120828"]
[BlackFideId "1113488"]
[EventDate "2014.12.20"]

1. e4 c6 2. Nc3 d5 3. Nf3 Bg4 4. h3 Bxf3 5. Qxf3 e6 6. Qg3 dxe4 7. Nxe4 Nh6 8.
Qb3 Qb6 9. Bc4 Qxb3 10. axb3 Nf5 11. c3 Nd7 12. b4 Nd6 13. Nxd6+ Bxd6 14. O-O
O-O 15. d4 Nb6 16. Bb3 Nd5 17. g3 a6 18. Re1 Rae8 19. Kg2 h6 20. f4 Kh7 21. Bd2
g6 22. Re2 h5 23. c4 Nf6 24. Rae1 Kg7 25. Kf3 Rd8 26. Bc3 Bc7 27. g4 hxg4+ 28.
hxg4 Rh8 29. g5 1-0

[Event "European Rapid 2014"]
[Site "Wroclaw POL"]
[Date "2014.12.20"]
[Round "1.45"]
[White "Todor, Sandor"]
[Black "Shimanov, Aleksandr"]
[Result "0-1"]
[BlackTitle "GM"]
[WhiteElo "1912"]
[BlackElo "2591"]
[WhiteFideId "731749"]
[BlackFideId "4198603"]
[EventDate "2014.12.20"]

1. d4 Nf6 2. c4 e6 3. Nc3 Bb4 4. a3 Bxc3+ 5. bxc3 c5 6. Nf3 O-O 7. Bg5 h6 8.
Bxf6 Qxf6 9. e3 d6 10. Be2 b6 11. Rc1 Bb7 12. d5 Nd7 13. O-O Qe7 14. Re1 Nf6 15.
dxe6 Qxe6 16. Qa4 Ne4 17. Red1 Rfe8 18. Nd2 Nxf2 19. Nf1 Nxd1 20. Qxd1 Rad8 21.
a4 d5 22. cxd5 Bxd5 23. Bf3 Bc4 0-1

[Event "European Rapid 2014"]
[Site "Wroclaw POL"]
[Date "2014.12.20"]
[Round "1.46"]
[White "Popov, Valerij"]
[Black "Witkowski, Krzysztof"]
[Result "1-0"]
[WhiteTitle "GM"]
[WhiteElo "2555"]
[BlackElo "1888"]
[WhiteFideId "4119410"]
[BlackFideId "1123890"]
[EventDate "2014.12.20"]

1. d4 d5 2. c4 e6 3. Nf3 c6 4. e3 f5 5. Bd3 Nf6 6. O-O Bd6 7. b3 Qe7 8. Bb2 O-O
9. Qc1 Ne4 10. Ba3 Nd7 11. Bxd6 Qxd6 12. Qa3 Qxa3 13. Nxa3 b6 14. Rac1 Bb7 15.
Rc2 Rac8 16. Rfc1 a6 17. h3 h6 18. Nb1 g5 19. Nc3 Kg7 20. Na4 b5 21. Nc3 Nxc3
22. Rxc3 b4 23. R3c2 a5 24. a3 Ra8 25. Ra2 a4 26. axb4 axb3 27. Rb2 Ra3 28. cxd5
exd5 29. Rc3 Kf6 30. Rcxb3 Rfa8 31. b5 c5 32. dxc5 Nxc5 33. Rxa3 Rxa3 34. Be2
Ne4 35. Nd4 Rc3 36. Rc2 Rxc2 37. Nxc2 Ke5 38. Nd4 f4 39. Bd3 Nc5 40. Bc2 fxe3
41. fxe3 Ne6 42. Nxe6 Kxe6 43. Kf2 Ke5 44. Bd1 d4 45. exd4+ Kxd4 46. Bf3 1-0

[Event "European Rapid 2014"]
[Site "Wroclaw POL"]
[Date "2014.12.20"]
[Round "1.47"]
[White "Wisniewski, Michal"]
[Black "Belous, Vladimir"]
[Result "0-1"]
[BlackTitle "GM"]
[WhiteElo "2102"]
[BlackElo "2578"]
[WhiteFideId "1159682"]
[BlackFideId "4174003"]
[EventDate "2014.12.20"]

1. e4 c5 2. Nf3 Nc6 3. Bb5 d6 4. O-O Bd7 5. c3 Nf6 6. Re1 a6 7. Ba4 b5 8. Bc2
Bg4 9. h3 Bxf3 10. Qxf3 g6 11. d3 Bg7 12. Be3 O-O 13. d4 cxd4 14. cxd4 Rc8 15.
Bd3 Nd7 16. Qe2 Nxd4 17. Bxd4 Bxd4 18. a4 Qb6 19. axb5 axb5 20. Bxb5 Bxf2+ 21.
Qxf2 Qxb5 22. Ra7 e6 23. Nc3 Qc6 24. Rea1 Nc5 25. Qe2 Nb3 26. R1a6 Qc5+ 27. Kh1
Qe5 28. Qd1 Nd4 29. Ra5 Qf6 30. Ra4 Nc6 31. R7a6 Rfd8 32. Rc4 Ne5 33. Rxc8 Rxc8
34. Qxd6 Rd8 35. Qc7 Qf1+ 36. Kh2 Nf3+ 37. gxf3 Qf2+ 38. Kh1 Qxf3+ 39. Kg1 Rd2 0-1

[Event "European Rapid 2014"]
[Site "Wroclaw POL"]
[Date "2014.12.20"]
[Round "1.48"]
[White "Grigoriants, Sergey"]
[Black "Korcz, Daniel"]
[Result "1-0"]
[WhiteTitle "GM"]
[WhiteElo "2570"]
[BlackElo "1741"]
[WhiteFideId "4130804"]
[BlackFideId "1171240"]
[EventDate "2014.12.20"]

1. e4 e5 2. Nf3 Nc6 3. Bb5 a6 4. Ba4 Nf6 5. O-O b5 6. Bb3 Be7 7. a4 Bb7 8. d3
O-O 9. Nc3 b4 10. Ne2 a5 11. Ng3 d5 12. exd5 Nxd5 13. Re1 Bf6 14. Nh5 Re8 15.
Bh6 Nd4 16. Nxd4 exd4 17. Rxe8+ Qxe8 18. Bxd5 Bxd5 19. Nxf6+ 1-0

[Event "European Rapid 2014"]
[Site "Wroclaw POL"]
[Date "2014.12.20"]
[Round "1.49"]
[White "Olejniczak, Romuald"]
[Black "Aleksandrov, Aleksej"]
[Result "0-1"]
[BlackTitle "GM"]
[WhiteElo "1655"]
[BlackElo "2593"]
[WhiteFideId "1152750"]
[BlackFideId "13500139"]
[EventDate "2014.12.20"]

1. e4 e5 2. Nf3 Nc6 3. Bc4 Bc5 4. d3 Nf6 5. Nc3 d6 6. h3 Na5 7. Bb3 a6 8. O-O
O-O 9. Bg5 h6 10. Bh4 c6 11. Qd2 b5 12. Ne2 Nxb3 13. axb3 Qe7 14. Ng3 Qe6 15.
Nf5 d5 16. Bxf6 Qxf6 17. Qc3 Bxf5 18. exf5 Bd6 19. Kh1 c5 20. Ra5 Qxf5 21. Qd2
Bc7 22. Raa1 Rfe8 23. Ng1 e4 24. Ne2 Qe5 25. g3 exd3 26. Nf4 Qe4+ 27. Kg1 Bxf4
28. Qxf4 Qxf4 29. gxf4 dxc2 30. Rfc1 Re4 31. Rxc2 c4 32. bxc4 dxc4 33. Rd1 Rxf4
34. Rd6 Rf6 35. Rd7 Re8 36. Ra7 Re5 37. Rc3 Re2 0-1

[Event "European Rapid 2014"]
[Site "Wroclaw POL"]
[Date "2014.12.20"]
[Round "1.51"]
[White "Michalski, Filip"]
[Black "Heberla, Bartlomiej"]
[Result "0-1"]
[BlackTitle "GM"]
[WhiteElo "1984"]
[BlackElo "2561"]
[WhiteFideId "1151371"]
[BlackFideId "1115120"]
[EventDate "2014.12.20"]

1. d4 g6 2. c4 Bg7 3. Nc3 c5 4. Nf3 cxd4 5. Nxd4 Nc6 6. Nxc6 bxc6 7. e4 d6 8.
Be2 Nf6 9. O-O O-O 10. Be3 Nd7 11. Rc1 a5 12. Qd2 Nc5 13. f3 a4 14. Rfd1 Qa5 15.
Bh6 Bxh6 16. Qxh6 Qb6 17. Qe3 Qxb2 18. e5 Qb8 19. exd6 exd6 20. Qe7 Qb6 21. Rb1
Qa5 22. Qxd6 Bf5 23. Rbc1 Rad8 24. Qxc6 Rxd1+ 25. Rxd1 Qxc3 26. Qxc5 Qc2 27. Qe7
Qxa2 28. Rd8 Qb1+ 29. Kf2 Qb6+ 0-1

[Event "European Rapid 2014"]
[Site "Wroclaw POL"]
[Date "2014.12.20"]
[Round "1.53"]
[White "Sernecki, Franciszek"]
[Black "Piorun, Kacper"]
[Result "0-1"]
[BlackTitle "GM"]
[WhiteElo "1939"]
[BlackElo "2517"]
[WhiteFideId "1169297"]
[BlackFideId "1130420"]
[EventDate "2014.12.20"]

1. e4 g6 2. d4 Bg7 3. Nc3 c6 4. Nf3 d5 5. h3 Nh6 6. Bf4 f6 7. Bd3 Nf7 8. O-O O-O
9. Bg3 b6 10. Re1 Bb7 11. exd5 cxd5 12. Nb5 Na6 13. c3 Qd7 14. Qe2 Rfe8 15. Na3
Nc7 16. Bxc7 Qxc7 17. Bb5 Bc6 18. Qe6 Bxb5 19. Nxb5 Qb7 20. c4 dxc4 21. Qxc4
Rac8 22. Qb3 Kf8 23. Rac1 f5 24. Ne5 Nxe5 25. dxe5 Rxc1 26. Rxc1 Bxe5 27. Qe6
Qe4 28. Qc4 Qxc4 29. Rxc4 Rd8 30. f4 Bxb2 31. Nxa7 Ra8 32. Rc7 Ba3 33. Nb5 Bc5+
34. Kh2 Rxa2 35. Nc3 Rd2 36. Na4 Bd6 37. Rc8+ Kf7 38. Kg3 b5 39. Nb6 Rd3+ 40.
Kf2 Bxf4 41. Rc6 Be5 42. Nc8 b4 43. Rc4 b3 44. Rb4 b2 45. Ke2 Ra3 46. Kd1 Ra1+
47. Kc2 Rc1+ 48. Kd2 Rxc8 0-1

[Event "European Rapid 2014"]
[Site "Wroclaw POL"]
[Date "2014.12.20"]
[Round "1.54"]
[White "Tomczak, Jacek"]
[Black "Paczka, Patryk"]
[Result "1-0"]
[WhiteTitle "GM"]
[WhiteElo "2561"]
[BlackElo "1876"]
[WhiteFideId "1124668"]
[BlackFideId "1143336"]
[EventDate "2014.12.20"]

1. e4 c5 2. Nf3 Nc6 3. d4 cxd4 4. Nxd4 Nf6 5. Nc3 e5 6. Ndb5 d6 7. a4 a6 8. Na3
Be6 9. Bg5 Be7 10. Bxf6 Bxf6 11. Bc4 O-O 12. Nd5 Bxd5 13. Bxd5 Qc7 14. O-O Rab8
15. Qe2 Nd4 16. Qd3 Ne6 17. g3 Rfc8 18. c3 Be7 19. Nc2 Bf8 20. Rfd1 g6 21. a5 b5
22. Nb4 Nc5 23. Qf3 Qd7 24. Ba2 Rb7 25. Nd5 Bg7 26. Nb6 Rxb6 27. axb6 Rb8 28.
Rd5 Rxb6 29. Rad1 Nb7 30. R5d3 Qe7 31. Qg4 Bf8 32. Qc8 Nc5 33. Rf3 Ne6 34. Rxf7
Kxf7 35. Bxe6+ Kg7 36. Bd5 Kh6 37. Rd3 b4 38. c4 1-0

[Event "European Rapid 2014"]
[Site "Wroclaw POL"]
[Date "2014.12.20"]
[Round "1.55"]
[White "Dutczak, Robert"]
[Black "Sivuk, Vitaly"]
[Result "0-1"]
[BlackTitle "IM"]
[WhiteElo "1822"]
[BlackElo "2501"]
[WhiteFideId "1125397"]
[BlackFideId "14116502"]
[EventDate "2014.12.20"]

1. e4 c6 2. f4 d5 3. exd5 cxd5 4. Bb5+ Bd7 5. Bxd7+ Nxd7 6. Nf3 e6 7. O-O Ngf6
8. d3 Bd6 9. Nc3 O-O 10. Kh1 Rc8 11. Bd2 a6 12. Rc1 b5 13. a3 Qb6 14. Qe1 Qb8
15. Ne2 Rfe8 16. Qh4 Nf8 17. Ng5 Ng6 18. Qh3 h6 19. Nf3 Nxf4 20. Bxf4 Bxf4 21.
Nh4 Bxc1 22. Rxc1 Qe5 23. Nc3 Qg5 24. Rf1 Qg4 0-1

[Event "European Rapid 2014"]
[Site "Wroclaw POL"]
[Date "2014.12.20"]
[Round "1.57"]
[White "Golubeva, Marija"]
[Black "Stocek, Jiri"]
[Result "1/2-1/2"]
[BlackTitle "GM"]
[WhiteElo "1696"]
[BlackElo "2554"]
[WhiteFideId "11601582"]
[BlackFideId "304760"]
[EventDate "2014.12.20"]

1. e4 d6 2. d4 Nf6 3. Nc3 g6 4. Nf3 a6 5. Be2 Bg7 6. O-O O-O 7. h3 e6 8. Be3 b5
9. e5 dxe5 10. Nxe5 Bb7 11. Bf3 Qc8 12. Qe2 Nfd7 13. Nxd7 Nxd7 14. Rad1 Nb6 15.
Ne4 Bxe4 16. Bxe4 c6 17. b3 Nd5 18. Qd2 b4 19. Bxd5 cxd5 20. Qxb4 Qxc2 21. Rd2
Qc6 22. Qc5 Rfc8 23. Rc1 Qb7 24. Qa3 Bf8 25. Qb2 a5 26. Rdc2 Rxc2 27. Qxc2 Ba3
28. Qc6 Qxc6 29. Rxc6 a4 30. Rb6 axb3 31. axb3 Bb2 32. Kf1 Ra2 33. Bh6 Ra8 34.
Be3 Ra2 35. Bh6 Ra8 36. Be3 1/2-1/2

[Event "European Rapid 2014"]
[Site "Wroclaw POL"]
[Date "2014.12.20"]
[Round "1.58"]
[White "Stopa, Jacek"]
[Black "Rykala, Monika"]
[Result "1-0"]
[WhiteTitle "IM"]
[WhiteElo "2521"]
[BlackElo "1848"]
[WhiteFideId "1119591"]
[BlackFideId "1125249"]
[EventDate "2014.12.20"]

1. d4 f5 2. Nc3 Nf6 3. Bg5 e6 4. e4 fxe4 5. Nxe4 Be7 6. Bxf6 Bxf6 7. Nf3 b6 8.
Bd3 Bb7 9. Qe2 Nc6 10. c3 Qe7 11. O-O-O O-O-O 12. h4 Rhf8 13. Kb1 Rde8 14. g4 g6
15. Rh3 Bg7 16. h5 gxh5 17. Rxh5 h6 18. Nh4 Qf7 19. Ng6 Rg8 20. Ng3 Ne7 21.
Nxe7+ Rxe7 22. Be4 Rf8 23. Bxb7+ Kxb7 24. Rd2 Qg6+ 25. Ka1 Ref7 26. Rh2 Rf4 27.
a3 Rxg4 28. Qe3 Rgf4 29. Qe1 Kb8 30. Ka2 Qf7 31. b3 Rf3 32. Rc2 Qg6 33. Kb2 Qg4
34. Qd2 e5 35. d5 e4 36. Qe2 e3 37. Nh1 Be5 38. Rxh6 exf2 39. Nxf2 Bxc3+ 40. Kb1
Qg1+ 41. Nd1 Rf1 42. Rc1 Bg7 43. Rh2 Qd4 44. Ka2 Qxd5 45. Qc2 Be5 46. Rd2 Qe6
47. Re2 Qf6 48. Ne3 Rxc1 49. Qxc1 Qf3 50. Qc2 Bd6 51. Nc4 Qc6 52. a4 a6 53. Qd3
Qf3 54. Qc2 Qf5 55. Re8+ Ka7 56. Qxf5 Rxf5 57. Nxd6 cxd6 58. Re7 Kb7 59. Rxd7+
Kc6 60. Rd8 Kc5 61. Ka3 b5 62. a5 Kc6 63. Rb8 Rf1 64. Rb6+ Kc7 65. Rxa6 Rf4 66.
Rb6 Rf1 67. Rxb5 Rf8 68. Ka4 Ra8 69. Rh5 Kc6 70. b4 d5 71. Rh6+ Kb7 72. Rh7+ Kc6
73. b5+ Kd6 74. b6 d4 75. Kb5 d3 76. Rh3 Kd7 77. Rxd3+ Kc8 78. a6 1-0

[Event "European Rapid 2014"]
[Site "Wroclaw POL"]
[Date "2014.12.20"]
[Round "1.59"]
[White "Rykov, Ivan2"]
[Black "Kosyrev, Vladimir"]
[Result "0-1"]
[BlackTitle "GM"]
[WhiteElo "1880"]
[BlackElo "2520"]
[WhiteFideId "24128520"]
[BlackFideId "4122259"]
[EventDate "2014.12.20"]

1. d4 Nf6 2. c4 e6 3. Nc3 d5 4. Nf3 Bb4 5. a3 Bxc3+ 6. bxc3 dxc4 7. Qa4+ Nbd7 8.
Qxc4 O-O 9. Bf4 Nd5 10. Bg3 N7f6 11. e3 c5 12. Bh4 Qa5 13. Bxf6 gxf6 14. Qxc5
Qxc5 15. dxc5 Nxc3 16. Rc1 Nd5 17. Bc4 Ne7 18. O-O Bd7 19. Rfd1 Bc6 20. Nd4 Rfc8
21. Nxe6 fxe6 22. Bxe6+ Kg7 23. Bxc8 Rxc8 24. f3 Kf7 25. Kf2 Ng6 26. Rd4 Nf8 27.
a4 Ne6 28. Rh4 Kg6 29. Rb4 Rd8 30. Ke2 Rc8 31. Rg4+ Kf7 32. Rh4 Kg7 33. Rg4+ Kh8
34. Rb4 Rc7 35. Rbc4 Kg7 36. Rd1 Kf7 37. Rh4 Ke8 38. Rc4 Bd7 39. Rdc1 Rc6 40.
Rh4 Nf8 41. Rhc4 Ra6 42. Ra1 Bb5 43. axb5 Rxa1 44. c6 bxc6 45. Rxc6 Nd7 46. Rc8+
Ke7 47. Rh8 Nf8 48. Rg8 Kf7 49. Rg4 Ra2+ 50. Kf1 Ra5 51. Rb4 Ne6 52. Ke2 h5 53.
b6 axb6 54. Rxb6 Ra2+ 55. Kf1 Ng5 56. Rb4 Kg6 57. h4 Nf7 58. Rb8 Ne5 59. Rb3 Nc4
60. Rd3 Ra4 61. Kg1 Ne5 62. Rd4 Ra2 63. Kf1 Nf7 64. Rb4 Nd6 65. e4 Rc2 66. Rb8
Nc4 67. Rb3 Nd2+ 0-1

[Event "European Rapid 2014"]
[Site "Wroclaw POL"]
[Date "2014.12.20"]
[Round "1.60"]
[White "Alekseenko, Kirill"]
[Black "Laskowski, Filip"]
[Result "1-0"]
[WhiteTitle "FM"]
[WhiteElo "2499"]
[BlackElo "1829"]
[WhiteFideId "4135539"]
[BlackFideId "1179144"]
[EventDate "2014.12.20"]

1. e4 e6 2. d4 d5 3. Nd2 Nf6 4. e5 Nfd7 5. f4 c5 6. c3 Nc6 7. Ndf3 Qb6 8. h4
cxd4 9. cxd4 Bb4+ 10. Kf2 f6 11. Kg3 O-O 12. Bd3 fxe5 13. fxe5 Ncxe5 14. dxe5
Nxe5 15. Nxe5 Qf2+ 16. Kh3 Be1 17. Qg4 h5 18. Qg5 Rf5 19. Bxf5 exf5 20. Bf4 Be6
21. Ngf3 1-0

[Event "European Rapid 2014"]
[Site "Wroclaw POL"]
[Date "2014.12.20"]
[Round "1.61"]
[White "Lukasiewicz, Krzysztof"]
[Black "Jaracz, Pawel"]
[Result "0-1"]
[BlackTitle "GM"]
[WhiteElo "2051"]
[BlackElo "2503"]
[WhiteFideId "1166042"]
[BlackFideId "1102222"]
[EventDate "2014.12.20"]

1. e4 c5 2. Nf3 e6 3. d4 cxd4 4. Nxd4 Nc6 5. Nc3 Qc7 6. g3 a6 7. Bg2 d6 8. O-O
Be7 9. Re1 Bd7 10. Be3 Nf6 11. f4 O-O 12. a4 Nxd4 13. Bxd4 Bc6 14. a5 Nd7 15.
Qd2 b5 16. axb6 Nxb6 17. b3 Rfc8 18. e5 dxe5 19. Bxe5 Qb7 20. Ne4 Nd7 21. Bb2 f5
22. Nc3 Bc5+ 23. Kh1 Bb4 24. Rad1 Nf6 25. Rxe6 Bxg2+ 26. Qxg2 Qxg2+ 27. Kxg2
Bxc3 28. Bxc3 Rxc3 29. Rdd6 Rxc2+ 30. Kg1 a5 31. Re7 h6 32. Re5 a4 33. bxa4 Rxa4
34. Rd1 Raa2 35. Rxf5 Rg2+ 36. Kf1 Ng4 0-1